| 000 | 00392nam a2200145Ia 4500 | ||
|---|---|---|---|
| 008 | 210210b2004 xxu||||| |||| 00| 0 eng d | ||
| 020 | _a0 19 566776 X | ||
| 082 | _a658.4 PARU | ||
| 100 | _aPAREEK (Udai). | ||
| 245 | _aUnderstanding organizational behaviour. | ||
| 260 |
_aN D _bOxford University Press _c2004 |
||
| 300 | _axii,548 | ||
| 690 | _aOrganisational Behaviour | ||
| 906 | _a060761 | ||
| 999 |
_c107708 _d107708 |
||